[Event "45th FIDE Chess Olympiad Open"]
[Site "Budapest, Hungary"]
[Date "2024.09.11"]
[Round "1.1"]
[White "Sanchez Alvarez, Roberto Carlos"]
[Black "So, Wesley"]
[Result "1/2-1/2"]
[WhiteElo "2376"]
[BlackElo "2752"]
[PlyCount "81"]
[EventDate "2024.??.??"]
[WhiteTeam "Panama"]
[BlackTeam "United States of America"]
[WhiteTeamCountry "PAN"]
[WhiteClock "0:00:59"]
[BlackClock "0:00:36"]

1. d4 Nf6 2. c4 e6 3. Nc3 Bb4 4. e3 O-O 5. Bd3 d5 6. Nf3 dxc4 7. Bxc4 c5 8. O-O Nc6 9. a3 Ba5 10. Qd3 a6 11. Rd1 b5 12. Ba2 Bb7 13. Qe2 ({RR} 13. dxc5 Bxc3 14. bxc3 Qxd3 15. Rxd3 Rfd8 16. Rxd8+ Rxd8 17. Kf1 Ne4 18. Bb2 Nxc5 19. c4 b4 20. Bd4 Ne4 21. axb4 Nxb4 22. Bb1 Rc8 23. Ne5 Nd2+ 24. Ke2 Nxc4 25. Ra4 a5 26. Nxc4 Rxc4 27. Rxa5 Nc6 {Edouard,R (2626)-Daulyte Cornette,D (2440) Chess.com INT 2017 ½-½ (50)}) ({RR} 13. Bb1 Bxc3 14. Qxc3 cxd4 15. exd4 h6 16. Bf4 Ne7 17. Be5 Rc8 18. Qe3 Ned5 19. Qd3 Qb6 20. Nd2 Qc6 21. f3 b4 22. Nb3 Qb6 23. a4 a5 24. Qb5 Ra8 25. Rc1 Rfc8 26. Rc5 Bc6 27. Qd3 Bd7 {Nozdrachev,L (2369)-Gukhman,S (2058) Cheliabinsk 2022 1-0 (42)}) 13... cxd4 14. exd4 Bxc3 $146 ({RR} 14... h6 15. b4 Bb6 16. d5 exd5 17. Nxd5 Re8 18. Qb2 Nxd5 19. Rxd5 Qe7 20. Bf4 Qe2 21. Qxe2 Rxe2 22. Rd7 Nd8 23. Bxf7+ Kh8 24. Bg3 Bxf3 25. gxf3 Nxf7 26. Rxf7 Rd8 27. Rb7 Bd4 28. Rd1 Ree8 29. Kg2 {Udovcic,M-Karaklajic,N Novi Sad 1955 ½-½ (41)}) ({RR} 14... Bb6 15. d5 exd5 16. Bg5 Re8 17. Qd3 Ne5 18. Qf5 Nc4 19. Bxc4 bxc4 20. Bxf6 Qxf6 21. Qxf6 gxf6 22. Nxd5 Bxd5 23. Rxd5 Re2 24. Rd2 Bxf2+ 25. Kf1 Rxd2 26. Nxd2 Bd4 27. Nxc4 Rc8 28. Rc1 Bxb2 29. Rc2 {Rodriguez Vargas,O-Pomar Salamanca,A Siegen 1970 ½-½ (38)}) 15. bxc3 Ne7 16. c4 bxc4 17. Bxc4 Ng6 18. Ne5 Ne4 19. Nxg6 hxg6 20. Bb2 Re8 21. Rac1 Qb6 22. f3 Nd6 23. Kh1 Rab8 24. Bc3 Nxc4 25. Qxc4 Rec8 26. Qe2 Bd5 27. Qd2 Qb3 28. Bb4 a5 29. Bd6 Ra8 30. h3 f6 31. Kh2 g5 32. Rxc8+ Rxc8 33. Rc1 Rd8 34. Bc7 Ra8 35. Bd6 Qb6 36. Bc7 Qb7 37. Rc3 a4 38. Qc1 Rc8 39. Bd6 Bc6 40. Bg3 Bd7 41. Rxc8+ 1/2-1/2

[Event "45th FIDE Chess Olympiad Open"]
[Site "Budapest, Hungary"]
[Date "2024.09.11"]
[Round "1.2"]
[White "Dominguez Perez, Leinier"]
[Black "Delgado Rosas, Alex Antonio"]
[Result "1-0"]
[WhiteElo "2748"]
[BlackElo "2157"]
[PlyCount "65"]
[EventDate "2024.??.??"]
[WhiteTeam "United States of America"]
[BlackTeam "Panama"]
[BlackTeamCountry "PAN"]
[WhiteClock "0:28:09"]
[BlackClock "0:00:38"]

1. e4 {Huzman,Alexander} e5 2. Nf3 Nf6 3. Nxe5 d6 4. Nf3 Nxe4 5. d4 d5 6. Bd3 Bd6 7. O-O O-O 8. c4 c6 9. Re1 Bf5 10. Ng5 ({RR} 10. cxd5 cxd5 11. Nc3 Nxc3 ({RR} 11... Bb4 12. Nxe4 ({RR} 12. Re3 Nxc3 13. bxc3 Bxc3 14. Rb1 Bxd3 15. Qxd3 Ba5 16. Rxb7 Bb6 17. Ree7 Nc6 18. Ng5) 12... Bxe1 13. Neg5 Bxf2+ 14. Kxf2 Qf6 15. Qc2 Rc8 16. Qb1 Bg6 17. Bxg6 fxg6 18. Kg1 Nc6 19. Qd3 h6 20. Nh3 Nb4 21. Qb3 Rc4 22. Be3 Nc2 23. Rf1 Qb6) 12. bxc3 Bxd3 13. Qxd3 Nd7 14. Qf5 Nb6 ({RR} 14... Nf6 15. Bg5 Qc8 16. Qd3 ({RR} 16. Qxc8 Raxc8 17. Bxf6 gxf6 18. Re3) ({RR} 16. Nh4) 16... Nh5 17. Qb5 Qc6 18. Rab1 Rab8 19. Be7 Bxe7 20. Rxe7 Qxc3 21. Qxd5 Nf4 22. Qb3) 15. Ng5 g6 16. Qh3 h5 17. g4 Qd7 ({RR} 17... Qf6 18. gxh5 Rfe8 19. Rxe8+ Rxe8 20. Kf1) 18. gxh5 Qxh3 19. Nxh3 Rfe8 ({RR} 19... gxh5 20. Bf4 Rfd8 21. Kh1 Rac8 22. Re3) 20. Bf4 Bxf4 21. Nxf4 g5 22. Nh3 Na4 ({RR} 22... f6 23. f4 g4 24. Nf2 Kf7 ({RR} 24... f5 25. h3) 25. Kg2 Na4 26. Nxg4 Nxc3 27. Nh6+ Kf8 28. Nf5) 23. Rac1 Rxe1+ 24. Rxe1 Nxc3 {Anand,V (2766)-Shirov,A (2736) Wijk aan Zee 2004 CBM 099 [Huzman,Alexander] 1-0 (56)} ({RR} 24... g4 25. Ng5 ({RR} 25. Nf4 Nxc3) 25... f6 26. Ne6 Nxc3) {RR} 25. Nxg5 f6 26. Nh3 Kf7) 10... Nd7 $146 ({RR} 10... Re8 11. Bxe4 dxe4 12. Nc3 Nd7 13. c5 Bc7 14. Qb3 Re7 15. Ngxe4 h6 16. Bd2 b6 17. Nd6 Bxd6 18. cxd6 Rxe1+ 19. Rxe1 Qf6 20. Re7 Rf8 21. Ne4 Bxe4 22. Rxd7 Qxd4 23. Qe3 Qd5 24. f3 Bf5 25. Rxa7 {Wei,Y (2725)-Wang,H (2756) China 2019 ½-½}) ({RR} 10... Nxg5 11. Bxf5 g6 12. Bd3 Ne6 13. Be3 Qf6 14. cxd5 cxd5 15. Nc3 Rd8 16. Qb3 Nxd4 17. Bxd4 Qxd4 18. Qxb7 Nd7 19. Qxd5 Qxd5 20. Nxd5 Nc5 21. Bc4 Ne6 22. Rad1 Kg7 23. g3 a5 24. b3 Ng5 25. Kg2 {Lou Yiping (2451)-Tsang,L (1626) Hong Kong HKG 2024 1-0 (49)}) ({RR} 10... Re8 11. Bxe4 dxe4 12. Nc3 h6 13. Ngxe4 Bxe4 14. Nxe4 Bxh2+ 15. Kf1 f5 16. Nc5 b6 17. Nd3 Bc7 18. Bf4 Bxf4 19. Nxf4 Na6 20. Rxe8+ Qxe8 21. Qd3 Qf7 22. Re1 g5 23. Ne6 Re8 24. d5 cxd5 25. cxd5 {Yu,Y (2753)-Duda,J (2748) Hamburg 2019 ½-½ (45)}) ({RR} 10... Re8 11. Bxe4 dxe4 12. Nc3 Nd7 13. Ngxe4 Bxh2+ 14. Kxh2 Bxe4 15. Kg1 Qh4 16. Be3 Bf5 17. Qd2 h6 18. f3 Qf6 19. Bf2 Qd6 20. d5 a6 21. Rad1 c5 22. Re3 Rxe3 23. Qxe3 b6 24. Re1 Nf6 25. Qe7 {Kollars,D (2580)-Banusz,T (2620) Germany 2021 1-0 (40)}) 11. cxd5 cxd5 12. Qf3 Bg6 13. Nxe4 dxe4 14. Bxe4 Re8 15. Nc3 Qb6 16. Rd1 Nf6 17. Bxg6 hxg6 18. g3 Rad8 19. Bg5 Bb4 20. Bxf6 Qxf6 21. Qxb7 Rb8 22. Qxa7 Bxc3 23. bxc3 Rb2 24. Rf1 Ree2 25. Qa8+ Kh7 26. Qg2 g5 27. a4 g6 28. a5 Qa6 29. Qf3 Kg7 30. Rae1 Red2 31. Re7 Qc4 32. a6 Rd3 33. Rxf7+ 1-0

[Event "45th FIDE Chess Olympiad Open"]
[Site "Budapest, Hungary"]
[Date "2024.09.11"]
[Round "1.3"]
[White "Mendez Machado, Andre"]
[Black "Aronian, Levon"]
[Result "0-1"]
[WhiteElo "2122"]
[BlackElo "2729"]
[PlyCount "90"]
[EventDate "2024.??.??"]
[WhiteTeam "Panama"]
[BlackTeam "United States of America"]
[WhiteTeamCountry "PAN"]
[WhiteClock "0:17:39"]
[BlackClock "0:49:11"]

1. e4 c5 2. Nf3 Nc6 3. Bb5 Nf6 4. Nc3 g6 5. e5 Nh5 6. Bxc6 dxc6 7. O-O Ng7 8. d3 h6 $146 ({RR} 8... Ne6 9. Re1 Bg7 10. a4 a5 11. Ne4 b6 12. b3 O-O 13. Bb2 h6 14. Qd2 Ra7 15. Rad1 Kh7 16. Qc1 Nd4 17. Nxd4 cxd4 18. Qf4 c5 19. Bc1 Bb7 20. Qh4 Bc6 21. f3 f6 22. Nf2 g5 23. Qh3 {Krishnakumar,S (2248)-Stremavicius,T (2515) Los Angeles USA 2022 0-1 (43)}) ({RR} 8... Ne6 9. Be3 Bg7 10. Ne4 b6 11. Re1 a5 12. Qd2 h6 13. a3 a4 14. Rad1 Nd4 15. Bxd4 cxd4 16. Nf6+ Kf8 17. Ne4 g5 18. h3 c5 19. c3 dxc3 20. Qxc3 g4 21. hxg4 Bxg4 22. d4 cxd4 23. Rxd4 {Firouzja,A (2744)-Caruana,F (2796) chess.com INT 2024 1-0 (51)}) ({RR} 8... Ne6 9. Ne4 Bg7 10. Neg5 O-O 11. Nxe6 Bxe6 12. Bf4 h6 13. Qe2 b6 14. Qe3 Kh7 15. c3 Qc8 16. Rfd1 Rd8 17. b3 Bd5 18. Ne1 Rd7 19. Rd2 Qb7 20. Rad1 Rad8 21. h3 a5 22. c4 Be6 23. Nf3 {Jandric,D (2113)-Hristova,I (1807) Belgrade SRB 2023 1-0 (62)}) 9. Ne4 b6 10. Re1 Nf5 11. c3 g5 12. Qa4 Qc7 13. g4 Qb7 14. gxf5 Bxf5 15. d4 Bg4 16. Nfd2 cxd4 17. Nb3 O-O-O 18. cxd4 Kb8 19. Bd2 Bd7 20. Qa3 Bf5 21. Rac1 e6 22. Qa4 Rc8 23. Rc3 Ka8 24. Ng3 Bh3 25. Nf1 b5 26. Na5 bxa4 27. Nxb7 Bxf1 28. Kxf1 Kxb7 29. Rc4 Be7 30. Rxa4 Rhd8 31. Be3 c5 32. dxc5 Bxc5 33. Re4 Bb6 34. Bxb6 axb6 35. R1e2 Rd1+ 36. Kg2 h5 37. f4 g4 38. Kg3 Rg8 39. R4e3 Rf1 40. Rf2 h4+ 41. Kg2 Rd1 42. Ree2 h3+ 43. Kg3 Rg1+ 44. Kh4 g3 45. hxg3 R1xg3 0-1

[Event "45th FIDE Chess Olympiad Open"]
[Site "Budapest, Hungary"]
[Date "2024.09.11"]
[Round "1.4"]
[White "Robson, Ray"]
[Black "Baules Rodriguez, Jorge Luis"]
[Result "1-0"]
[WhiteElo "2700"]
[BlackElo "2271"]
[PlyCount "63"]
[EventDate "2024.??.??"]
[WhiteTeam "United States of America"]
[BlackTeam "Panama"]
[BlackTeamCountry "PAN"]
[WhiteClock "0:04:27"]
[BlackClock "0:01:26"]

1. e4 c5 2. Nf3 d6 3. d4 cxd4 4. Nxd4 Nf6 5. Nc3 g6 6. Be3 Bg7 7. f3 O-O 8. Qd2 Nc6 9. Bc4 Bd7 10. O-O-O Rc8 11. Be2 Nxd4 12. Bxd4 Qa5 13. Kb1 Rfe8 ({RR} 13... Be6 14. a3 a6 15. g4 b5 16. g5 Nd7 17. Nd5 Qd8 18. Bxg7 Kxg7 19. Qd4+ Kg8 20. Ne3 Qb6 21. f4 Qxd4 22. Rxd4 f6 23. f5 gxf5 24. exf5 Bf7 25. h4 Rc5 26. Rg1 fxg5 27. hxg5 Re5 28. Rg3 {Yu,Y (2709)-Can,E (2600) Chess.com INT 2020 ½-½ (117)}) 14. g4 Be6 15. a3 a6 $146 ({RR} 15... Rb8 16. h4 b5 17. Nd5 Qxd2 18. Rxd2 Bxd5 19. exd5 a6 20. h5 Nd7 21. Bf2 a5 22. h6 Be5 23. Be3 Nc5 24. f4 Bh8 25. g5 b4 26. Bxc5 dxc5 27. a4 Red8 28. Bc4 Kf8 29. Re2 Rd6 30. Rhe1 {Demchenko,A (2592)-Van de Mortel,J (2416) Chess.com INT 2015 1-0 (47)}) 16. h4 b5 17. h5 b4 18. axb4 Qxb4 19. Nd5 Qa4 20. b3 Qa3 21. hxg6 hxg6 22. g5 Nh5 23. Bxg7 Kxg7 24. f4 Bxd5 25. exd5 Rh8 26. Bg4 Rcd8 27. Qd4+ Kg8 28. f5 Qc5 29. Qb2 Rh7 30. fxg6 fxg6 31. Be6+ Kf8 32. Rdf1+ 1-0

[Event "45th FIDE Chess Olympiad Open"]
[Site "Budapest, Hungary"]
[Date "2024.09.11"]
[Round "1.5"]
[White "Giron, Jorge Ernesto"]
[Black "Leko, Peter"]
[Result "0-1"]
[WhiteElo "2276"]
[BlackElo "2666"]
[PlyCount "90"]
[EventDate "2024.??.??"]
[WhiteTeam "El Salvador"]
[BlackTeam "Hungary"]
[WhiteTeamCountry "ESA"]
[BlackTeamCountry "HUN"]
[WhiteClock "0:26:36"]
[BlackClock "0:25:26"]

1. d4 Nf6 2. c4 e6 3. g3 Bb4+ 4. Nd2 O-O 5. Ngf3 d5 6. Bg2 b6 7. O-O Bb7 8. a3 Be7 9. Ne5 ({RR} 9. b4 Nbd7 10. Rb1 dxc4 11. Nxc4 Be4 12. Rb2 c5 13. Bf4 Nd5 14. Bd6 b5 15. Bxe7 Qxe7 16. Ncd2 Bxf3 17. Nxf3 cxb4 18. axb4 Nxb4 19. Nd2 Rac8 20. Qa1 Nb6 21. Qa3 N4d5 22. Qxe7 Nxe7 23. Ra1 Rc7 {Sasikiran,K (2692)-Jussupow,A (2608) Turin 2006 ½-½ (36)}) 9... c5 10. dxc5 bxc5 11. b4 $146 ({RR} 11. cxd5 exd5 12. b3 Nc6 13. Bb2 Qb6 14. Rc1 Rfd8 15. Nd3 Rac8 16. Bxf6 gxf6 17. e4 Nd4 18. exd5 Bxd5 19. Bxd5 Rxd5 20. Qg4+ {1-0 (20) Aring,G (2155)-Weiss,A (2163) Wuerttemberg 2020}) ({RR} 11. Qc2 Qc7 12. Nef3 d4 13. Ng5 Bxg2 14. Kxg2 Nbd7 15. Kg1 h6 16. Nge4 Rab8 17. Rb1 Qc6 18. h3 Rb7 19. f4 Nxe4 20. Nxe4 f5 21. Nf2 Nf6 22. Kh2 Ne4 23. Nd3 Bd6 24. Bd2 Rc8 25. Rg1 Kh7 {Besso,J (1897)-Sanz,L (2084) Buenos Aires ARG 2024 0-1 (35)}) ({RR} 11. cxd5 exd5 12. b3 Qb6 13. Bb2 Nc6 14. Nxc6 Bxc6 15. Rb1 a5 16. Qc2 Rfc8 17. Rfe1 Qd8 18. Bxf6 gxf6 19. e4 d4 20. Nc4 Bb5 21. Bf1 Bxc4 22. Bxc4 Ra7 23. f4 Bf8 24. Qe2 Rcc7 25. a4 Kh8 {Heigl,R (2190)-Schubert,J Germany 1999 1-0 (33)}) 11... cxb4 12. axb4 Bxb4 13. Qb3 a5 14. Ba3 Na6 15. Rfd1 Nc5 16. Qc2 Qe7 17. Rdb1 Bxa3 18. Rxa3 a4 19. Rba1 Rfc8 20. Nd3 Nfd7 21. Qb2 Rab8 22. Qa2 d4 23. f4 Bxg2 24. Kxg2 f6 25. Re1 e5 26. fxe5 fxe5 27. Nxc5 Nxc5 28. Rf3 h6 29. Qa3 Qb7 30. Rb1 Qc6 31. Rbf1 Rb7 32. Kg1 Rcb8 33. Rf5 Rb2 34. Rxe5 Nd7 35. Rb5 Rxd2 36. Rxb8+ Nxb8 37. Qf8+ Kh7 38. Qxb8 d3 39. Qf4 Rxe2 40. Qf5+ Qg6 41. Qf3 a3 42. c5 Qe4 43. Qxe4+ Rxe4 44. Rd1 a2 45. Kf2 d2 0-1

[Event "45th FIDE Chess Olympiad Open"]
[Site "Budapest, Hungary"]
[Date "2024.09.11"]
[Round "1.6"]
[White "Sjugirov, Sanan"]
[Black "Chavez, Ricardo Ernesto"]
[Result "1-0"]
[WhiteElo "2644"]
[BlackElo "2185"]
[PlyCount "49"]
[EventDate "2024.??.??"]
[WhiteTeam "Hungary"]
[BlackTeam "El Salvador"]
[WhiteTeamCountry "HUN"]
[BlackTeamCountry "ESA"]
[WhiteClock "1:03:16"]
[BlackClock "0:47:22"]

1. e4 {Kritz,Leonid} c5 2. Nf3 e6 3. d4 cxd4 4. Nxd4 a6 5. Bd3 Nf6 ({RR} 5... Bc5 6. Nb3 Be7 ({RR} 6... Ba7 7. Qg4 Nf6 8. Qg3 d6 9. Nc3 Nc6 10. Bg5 h6 11. Bd2 Nh5 12. Qf3 Qh4 13. g3 Ne5 14. Qe2 Qg4 ({RR} 14... Nxd3+ 15. cxd3 Qh3 16. O-O-O) 15. O-O-O Nf6 ({RR} 15... Nxd3+ 16. Qxd3 O-O 17. f3 Qg6 18. Qxd6) 16. f4 Qxe2 17. Bxe2 Neg4 18. Be1 Ke7 19. Rd3 h5 ({RR} 19... Bd7 20. Bf3 e5 21. Nd1 Bb5 22. Rc3) 20. Bf3 h4 21. Nd1) 7. O-O d6 8. Qg4 g6 9. Qe2) 6. O-O Qc7 7. Qe2 d6 8. c4 g6 ({RR} 8... Nbd7 9. Nc3 Be7 10. f4 b6 11. Kh1 Bb7 12. Bd2 g6 13. Rac1) ({RR} 8... Nc6 9. Nxc6 bxc6 10. f4 Be7 11. Nc3 Nd7 12. Kh1 Bf6 13. Bd2 a5 14. e5 dxe5 15. Ne4 exf4 16. Nxf6+ Nxf6 17. Bxf4) 9. Nc3 Bg7 10. Nf3 O-O 11. Rd1 ({RR} 11. Bf4 Nc6 ({RR} 11... Nh5 12. Bg5 Bxc3 13. bxc3 e5 14. Nh4 Nc6 15. g3 Bh3 16. Rfd1 Ng7 17. f4 Bd7 18. f5) ({RR} 11... Ng4 12. h3 Ne5 13. Nxe5 dxe5 14. Be3 Nc6 15. Na4 Nd4 16. Bxd4 exd4 17. c5 Bd7 18. Nb6 Rae8 19. b4 f5 20. e5) 12. Rac1 e5 ({RR} 12... Nd7 13. Qe3 ({RR} 13. Rfd1 Nde5 14. Bb1 Nxf3+ 15. Qxf3 Ne5 16. Qg3 b6 17. b3 Bb7 18. Be3 Rab8 19. Bd4) 13... Nce5 14. Nxe5 Nxe5 15. Be2 b6 16. Rfd1) 13. Bg5 ({RR} 13. Be3 Bg4 14. h3 Nd4 15. Bxd4 Bxf3 16. Qxf3 exd4 17. Nd5 Nxd5 18. cxd5 Qa5) ({RR} 13. Bd2 Bg4 14. Qe3 Rae8 15. h3 Bxf3 16. Qxf3 Nd7 17. Qd1 f5 ({RR} 17... Nc5 18. Nd5 Qb8 19. b4 Ne6) 18. Nd5 Qd8 19. b4) 13... h6 14. Bd2 ({RR} 14. Be3 Bg4 15. Nd5 Qd8 16. h3 Nxd5 17. cxd5 Nd4 18. Bxd4 Bxf3 19. Qxf3 exd4 20. Rc4 Rc8 21. Rfc1 Rxc4 22. Rxc4 h5 23. Qd1 Be5) ({RR} 14. Bxf6 Bxf6 15. Nd5 Qd8 16. h3 Bg7) 14... Bg4 15. Qe3 Bxf3 16. Qxf3 Nd4 17. Qd1) 11... Nc6 12. Bf4 ({RR} 12. Bc2 Nd7 ({RR} 12... Ng4 13. Bf4 Nge5 14. Bb3 Bd7 15. Rac1 Rac8 16. Nd5 Nxf3+ 17. Qxf3 exd5 18. cxd5 Ne5 19. Bxe5 Qxc1 20. Bxg7 Kxg7 21. Rxc1 Rxc1+ 22. Bd1 Rfc8) ({RR} 12... e5 13. h3 Nd7 14. Nd5 Qd8 15. Be3 Nc5 16. b4 Ne6 17. Bb6) 13. Be3 Nde5 14. Bb3 Bd7 15. Qd2 ({RR} 15. Rd2 Nxf3+ 16. Qxf3 Ne5 17. Qe2 Rac8) 15... Nxf3+ 16. gxf3 Qa5 ({RR} 16... Rfd8 17. Qxd6 Qxd6 18. Rxd6 Be8 19. c5 Na5 20. Rad1 Rdc8) 17. Qxd6 ({RR} 17. c5 Rfd8 18. cxd6 Qh5 19. Qe2 Ne5 20. Kg2 Bc6) 17... Qh5 18. Qg3 ({RR} 18. Qxd7 Ne5 19. Qd6 Nxf3+ 20. Kg2 Be5 21. Qb6 Qg4+ 22. Kf1 Nxh2+ 23. Ke1 Nf3+ 24. Ke2) 18... Ne5 19. Kg2 Bc6 20. f4 ({RR} 20. Ne2 Bxe4 21. fxe4 Qxe2 22. Rd2 Qg4 23. f4 Qxg3+ 24. hxg3 Nc6 25. Bb6) 20... Ng4 ({RR} 20... Nd7 21. f3) 21. Bd4 f5 ({RR} 21... e5 22. fxe5 Bxe5 23. Bxe5 Nxe5 24. Nd5) 22. f3 ({RR} 22. c5 Bxd4 23. Bxe6+ Kg7 24. Rxd4 Rad8 25. Rad1 Rxd4 26. Rxd4 Nf6 27. Qg5) 22... Bxd4 23. Rxd4 ({RR} 23. fxg4 fxg4 24. Rxd4 e5 25. c5+ Kg7 26. Rd6 exf4 27. Qf2) 23... Ne3+ 24. Kf2 fxe4 25. Kxe3 ({RR} 25. Nxe4 Nf5) ({RR} 25. fxe4 e5 26. c5+ Kg7 27. Qxe3 Qxh2+) 25... e5 26. Rxe4 ({RR} 26. fxe5 Rxf3+) 26... Bxe4 {Shirov,A (2749)-Wang,H (2724) Shanghai 2010 CBM 138 [Kritz,Leonid] 1-0 (65)} {RR} 27. Nxe4 ({RR} 27. Kxe4 Qf5+ 28. Ke3 exf4+) 27... exf4+) ({RR} 12. h3 Nd7 13. Be3 Bxc3 14. bxc3 f6 15. Bc2 Nd8 16. Rd2 Nf7) 12... Ng4 13. Qd2 $146 ({RR} 13. Rac1 Nce5 14. b3 Nxf3+ 15. Qxf3 Ne5 16. Qe2 b6 17. Bb1 Bb7 18. Bg3 Rad8 19. f4 Nc6 20. Kh1 Qe7 21. Bf2 Bxc3 22. Rxc3 Qf6 23. Rf3 Rd7 24. Bxb6 Qe7 25. Qe1 Re8 26. Bf2 e5 27. f5 gxf5 {Petrovskiy,V (2219)-Abdulla,K (2219) Chess.com INT 2021 1-0 (59)}) ({RR} 13. c5 Nge5 14. cxd6 Qxd6 15. Bb5 Qc5 16. Bxc6 Nxf3+ 17. Qxf3 Qxc6 18. Rac1 f5 19. Rd6 Qc4 20. e5 Qb4 21. Rcd1 Rb8 22. a3 Qxb2 23. a4 b5 24. axb5 axb5 25. Rb1 Qa3 26. Rd3 Qa5 27. Qg3 b4 {Andreescu,A (2118)-Marin,I (2261) Bucharest 1999 1-0 (46)}) ({RR} 13. c5 Nge5 14. cxd6 Qxd6 15. Bb5 Qc7 16. Bxc6 bxc6 17. Kh1 Qa5 18. b4 Qxb4 19. Nxe5 Qxc3 20. Rac1 Qa5 21. Nc4 Qb5 22. a4 Qh5 23. Qxh5 gxh5 24. Nb6 Ra7 25. Rxc6 Bb7 26. Rc7 Rb8 27. h3 h6 {Zude,A (2092)-Barten,R (2405) Bad Wiessee 2002 1-0 (31)}) 13... Nge5 14. Be2 Nxf3+ 15. Bxf3 Nd4 16. Be2 Nxe2+ 17. Qxe2 Bxc3 18. Bxd6 Qb6 19. Bxf8 Qxb2 20. Qxb2 Bxb2 21. Rd8 Bf6 22. Re8 h5 23. Be7+ Kg7 24. Bxf6+ Kxf6 25. Rd1 1-0

[Event "45th FIDE Chess Olympiad Open"]
[Site "Budapest, Hungary"]
[Date "2024.09.11"]
[Round "1.7"]
[White "Arias, Daniel"]
[Black "Berkes, Ferenc"]
[Result "0-1"]
[WhiteElo "2213"]
[BlackElo "2605"]
[PlyCount "74"]
[EventDate "2024.??.??"]
[WhiteTeam "El Salvador"]
[BlackTeam "Hungary"]
[WhiteTeamCountry "ESA"]
[BlackTeamCountry "HUN"]
[WhiteClock "0:00:37"]
[BlackClock "0:10:02"]

1. e4 c6 2. d4 d5 3. e5 Bf5 4. Nf3 e6 5. Be2 Ne7 6. O-O h6 7. a4 a5 ({RR} 7... g5 8. a5 a6 9. b4 Nd7 10. Ne1 Qc7 11. Nd3 Ng6 12. Nc5 Nf4 13. Bxf4 gxf4 14. Bd3 Bxc5 15. bxc5 Bxd3 16. Qxd3 O-O-O 17. Nd2 Rhg8 18. c4 f6 19. cxd5 exd5 20. e6 Nf8 21. Qh3 Kb8 22. Rfe1 {KomodoDragon 3.2 (3587)-LCZero 0.31-dag-5107404-T2-52 (3633) tcec-chess.com INT 2023 1-0 (99)}) ({RR} 7... c5 8. dxc5 Nec6 9. Be3 Nd7 10. Bb5 Bxc5 11. Bxc5 Nxc5 12. Nd4 O-O 13. Bxc6 bxc6 14. b4 Nb7 15. Nxc6 Qc7 16. b5 Nd8 17. Nxd8 Rfxd8 18. Qd4 Qxc2 19. Na3 Qd3 20. Qxd3 Bxd3 21. Rfc1 Rac8 22. f3 {Santos Latasa,J (2588)-Berkes,F (2661) Linares 2020 ½-½ (31)}) 8. Na3 ({RR} 8. Nbd2 Bh7 9. Re1 Nf5 10. Nf1 c5 11. Bb5+ Nd7 12. c4 cxd4 13. cxd5 Bb4 14. dxe6 fxe6 15. Bd2 Bc5 16. Qb3 Qe7 17. g4 O-O 18. gxf5 Bxf5 19. Ng3 Bg4 20. Be2 d3 21. Qxd3 Bxf2+ 22. Kxf2 Nxe5 {Nicholson,D (1822)-Motzfeldt Thorsen,A Reykjavik ISL 2024 1-0 (39)}) 8... Bh7 $146 ({RR} 8... Nd7 9. b3 g5 10. c4 Bg7 11. cxd5 exd5 12. Bd3 Bg6 13. Bxg6 Nxg6 14. Nc2 O-O 15. Ne3 Re8 16. h4 gxh4 17. Nf5 c5 18. Bxh6 Bh8 19. Nd6 cxd4 20. Nxe8 Qxe8 21. Re1 Ra6 22. Nxd4 Ngxe5 23. Qh5 {Nigmatov,O (2445)-Borgaonkar,A (1985) New Delhi 2022 1-0}) ({RR} 8... g5 9. c3 Bg7 10. Nc2 Nd7 11. Ne3 Bh7 12. Bd2 O-O 13. h4 Ng6 14. hxg5 Nf4 15. gxh6 Bxh6 16. Ng4 Nxe2+ 17. Qxe2 Bxd2 18. Qxd2 Kh8 19. Qf4 {1-0 (19) Szalanczy,E (2180)-Eperjesi,L (2114) Budapest 2017}) 9. c4 Na6 10. Bd2 Nb4 11. Rc1 dxc4 12. Nxc4 Ned5 13. Qb3 Be7 14. Rfd1 O-O 15. Bf1 Bg6 16. g3 Kh8 17. Be1 Bh5 18. Bg2 b5 19. Bxb4 Nxb4 20. Ne3 Qb6 21. axb5 cxb5 22. g4 Bg6 23. d5 a4 24. Qc3 exd5 25. Qc7 Bd8 26. Qxb6 Bxb6 27. Nxd5 Nxd5 28. Rxd5 Rfc8 29. Rf1 Rab8 30. Nh4 Bc2 31. Rd7 Bb3 32. Nf5 Rc2 33. Nd6 Rxb2 34. Nxf7+ Kg8 35. Nd6 a3 36. Nxb5 a2 37. Nc3 Rxf2 0-1

[Event "45th FIDE Chess Olympiad Open"]
[Site "Budapest, Hungary"]
[Date "2024.09.11"]
[Round "1.8"]
[White "Gledura, Benjamin"]
[Black "Morales Carlos"]
[Result "1-0"]
[WhiteElo "2628"]
[BlackElo "2131"]
[PlyCount "100"]
[EventDate "2024.??.??"]
[WhiteTeam "Hungary"]
[BlackTeam "El Salvador"]
[WhiteTeamCountry "HUN"]
[BlackTeamCountry "ESA"]
[WhiteClock "0:18:24"]
[BlackClock "0:34:08"]

1. c4 e5 2. Nc3 Nf6 3. Nf3 Nc6 4. e3 Bb4 5. Qc2 O-O 6. Nd5 Re8 7. a3 Bf8 8. Qf5 Nxd5 9. cxd5 d6 10. Qc2 Ne7 11. Bc4 Bf5 $146 ({RR} 11... f5 12. h4 e4 13. Nd4 Ng6 14. h5 Ne5 15. Ne2 Be7 16. Nf4 Bf6 17. Be2 c5 18. d3 exd3 19. Nxd3 b6 20. Bd2 Qe7 21. Nxe5 Qxe5 22. Bc3 Qe4 23. Bd3 Bxc3+ 24. Qxc3 Qe5 25. Qc2 Kh8 26. O-O-O {Pulpan,J (2394)-Szotkowski,J (2379) Kouty nad Desnou 2017 1-0 (38)}) ({RR} 11... g6 12. b4 a6 13. Bb2 b5 14. Ba2 Bb7 15. e4 Bg7 16. Qb3 Rf8 17. d4 c6 18. dxe5 dxe5 19. Bxe5 cxd5 20. Bxg7 Kxg7 21. Qb2+ f6 22. Nd4 Qb6 23. Rc1 Kh8 24. O-O Rac8 25. Rc5 dxe4 26. Ne6 {Ye,R (2340)-Ruefenacht,M (2265) Luzern 1985 1-0}) ({RR} 11... Ng6 12. h4 e4 13. h5 Nf4 14. exf4 exf3+ 15. Kf1 Qf6 16. d3 Re2 17. Qd1 Bg4 18. gxf3 Bxf3 19. Qxe2 Bxe2+ 20. Kxe2 c6 21. Be3 b5 22. Ba2 Qxb2+ 23. Kf3 c5 {0-1 (23) Ribreau,H (2242)-Libiszewski,F (2413) Nice 2005}) 12. e4 Bg4 13. Qb3 Rb8 14. a4 Ng6 15. h3 Bd7 16. g3 a5 17. d3 Be7 18. Bd2 b6 19. h4 Nf8 20. Rc1 Bg4 21. Nh2 Bd7 22. Nf1 Ra8 23. Be3 Bc8 24. Bb5 Nd7 25. Bc6 Ra7 26. Nd2 Rf8 27. Nc4 Ba6 28. Nxa5 Nc5 29. Bxc5 dxc5 30. Nc4 Bxc4 31. dxc4 Bd6 32. Qe3 Qf6 33. b3 h6 34. Kd2 Qg6 35. Rhf1 Qg4 36. Rce1 Be7 37. Kc2 Ra6 38. Qe2 Qg6 39. Qd3 Ra5 40. f4 exf4 41. Rxf4 f6 42. e5 Qxd3+ 43. Kxd3 fxe5 44. Rxf8+ Bxf8 45. Rxe5 Bd6 46. Re3 Ra7 47. Ke4 Kf7 48. Rf3+ Ke7 49. g4 g5 50. hxg5 hxg5 1-0

[Event "45th FIDE Chess Olympiad Open"]
[Site "Budapest, Hungary"]
[Date "2024.09.11"]
[Round "1.9"]
[White "Praggnanandhaa R"]
[Black "Tissir, Mohamed"]
[Result "1-0"]
[WhiteElo "2750"]
[BlackElo "2355"]
[PlyCount "60"]
[EventDate "2024.??.??"]
[WhiteTeam "India"]
[BlackTeam "Morocco"]
[WhiteTeamCountry "IND"]
[BlackTeamCountry "MAR"]
[WhiteClock "0:29:30"]
[BlackClock "0:30:28"]

1. e4 c5 2. Nf3 d6 3. d4 cxd4 4. Nxd4 Nf6 5. Nc3 Nc6 6. Bg5 e6 7. Qd2 a6 8. Nxc6 bxc6 9. O-O-O Be7 10. Bxf6 gxf6 11. Bc4 O-O 12. Qh6 Kh8 13. Rd3 Rg8 14. Rh3 Rg7 15. f4 Qg8 16. Rg3 Rb8 $146 ({RR} 16... a5 17. Bd3 Ba6 18. Bxa6 Rxa6 19. Qh5 Ra8 20. Rxg7 Qxg7 21. Qe2 a4 22. a3 d5 23. exd5 cxd5 24. Nxd5 Bxa3 25. bxa3 exd5 26. Rd1 Qf8 27. Qf3 Rd8 28. Qc3 d4 29. Rxd4 Rxd4 30. Qxd4 Qxa3+ 31. Kb1 {Oparin,G (2681)-Saric,I (2647) Durres ALB 2023 ½-½ (53)}) ({RR} 16... Bd7 17. Bd3 e5 18. f5 Rxg3 19. hxg3 Qg5+ 20. Qxg5 fxg5 21. Bc4 Kg7 22. Nd1 a5 23. Ne3 Rh8 24. Rd1 h5 25. f6+ Bxf6 26. Rxd6 Rd8 27. Be2 g4 28. Kd1 Be6 29. Rxd8 Bxd8 30. Bc4 Bb6 31. Bxe6 {Paravyan,D (2617)-Oparin,G (2685) Chess.com INT 2022 ½-½ (42)}) 17. Qh5 Rb4 18. Bd3 c5 19. a3 Rb8 20. Rf1 Rg6 21. Rff3 Qg7 22. Rh3 Bb7 23. Rfg3 Rg8 24. Kb1 a5 25. f5 Rxg3 26. hxg3 exf5 27. Nd5 Bxd5 28. exd5 Re8 29. Bxf5 h6 30. Qe2 Qf8 1-0